000
00251 a2200097 4500
001
59653
100
_a
245
_a
Teaching of English; Modified Syllabus of B.T.C/B.ED (Basic), NTTof India
260
_a
New Delhi
_b
APH
_c
2009
090
_c
36527
_d
36527
942
_a
NUST-CAE
_c
_c
29477
999
_c
294726
_d
294726